Estadísticas para Prueba de Turkmenistán

Haz click aquí para tomar la prueba!

Estadísticas generales

  • Esta prueba ha sido tomada 373 veces
  • La puntuación promedio es 13 de 20

Estadísticas de respuestas

PistaRespuesta% Correcto
Países limítrofesKazajistán
95%
Países limítrofesUzbekistán
95%
País del que Turkmenistán obtuvo su independencia en 1991Unión Soviética
94%
Países limítrofesIrán
92%
Países limítrofesAfganistán
91%
La exportación más importanteGas natural
86%
Mar interior que Turkmenistán bordea por el oesteMar Caspio
85%
Segunda lengua franca de Turkmenistán, después del turcomanoRuso
83%
El famoso cráter de gas que fue incendiado
accidentalmente en 1971 y sigue ardiendo hoy en día
Puertas del {Infierno}
81%
CapitalAsjabad
73%
Material de construcción caro que cubre un alto porcentaje de los edificios de la capitalMármol blanco
58%
Al igual que Suiza, Turkmenistán es oficialmente _____Neutral
55%
El animal nacional de Turkmenistán, Akhal-Teke, es una raza de este mamíferoCaballo
51%
El cultivo comercial más importanteAlgodón
44%
Desierto que cubre la mayor parte de Turkmenistán{Kara}kum
41%
Turkmenistán tiene una fiesta nacional para celebrar este producto tejido a manoAlfombra
38%
Ciudad fundada por Alejandro el Grande que fue una de las ciudades más grandes
del mundo durante los siglos XII y XIII, con unos 500.000 residentes (empieza con M)
Merv
27%
Significado del nombre de la capitalCiudad del {amor}
26%
Moneda de TurkmenistánManat
26%
"Presidente para la Vida" de 1990 a 2006 que construyó una gigantesca
estatua dorada de sí mismo que siempre rotaba para mirar al sol
Saparmyrat Nyýazow
26%

Distribución de puntuación

Porcentaje por número respondido

Porcentaje de gente con cada puntuación

Historial de tus puntuaciones

No has tomado esta prueba